Vista normal
Vista MARC
Entrada Personal Name
Número de registros utilizados en: 1
001 - CONTROL NUMBER
- control field: 14172
003 - CONTROL NUMBER IDENTIFIER
- control field: OSt
005 - DATE AND TIME OF LATEST TRANSACTION
- control field: 20230915230245.0
008 - FIXED-LENGTH DATA ELEMENTS
- fixed length control field: 230915|| aca||aabn | a|a d
040 ## - CATALOGING SOURCE
- Original cataloging agency: OSt
- Transcribing agency: OSt
100 ## - HEADING--PERSONAL NAME
- Personal name: Polo ; Alvaro Yie
670 ## - SOURCE DATA FOUND
- Source citation: Work cat.: (OSt)21841: Polo ; Alvaro Yie, , Pasto 450 años de Historia y Cultura, Instituto Andino de Artes populares del Convenio Andres Bello